Least Populous Countries Quiz Stats

 Plays Quiz Updated Aug 3, 2018

Score 0/25 Timer 05:00
12 Plays Today
% Correct
Vatican City
83.4%
Monaco
69.8%
Andorra
68.7%
San Marino
66.4%
Iceland
65.4%
Liechtenstein
62.4%
Saint Kitts and Nevis
56.9%
Bahamas
55.8%
Samoa
54.4%
Tuvalu
54.2%
Marshall Islands
53.6%
Nauru
53.2%
Seychelles
52.9%
% Correct
Micronesia
52.6%
Palau
52.6%
Tonga
52%
Vanuatu
51.9%
Saint Lucia
51.8%
Barbados
51.6%
Saint Vincent and the Grenadines
51.5%
Dominica
49.9%
Kiribati
49.7%
Grenada
49.1%
Antigua and Barbuda
46.9%
São Tomé and Príncipe
42.7%

You're not logged in!

Compare scores with friends on all Sporcle quizzes.
OR
Log In

Sporcle TV

Today on Sporcle TV


Watch our educational content, quiz creation guides, and fun videos on Sporcle TV.

Show Comments

Extras

Top Quizzes Today


Score Distribution

Your Account Isn't Verified!

In order to create a playlist on Sporcle, you need to verify the email address you used during registration. Go to your Sporcle Settings to finish the process.

Report this User

Report this user for behavior that violates our Community Guidelines.

Details: